000 00304nam a22001217a 4500
040 _cRUA
082 _a510 GLE 1993 A013 Or.
100 _a Collins, William
245 _aMathematics course 1 : applications and connections
260 _aphnom penh
_brua
_c2001
300 _axx.607p.
_bill.
942 _cREC
999 _c21540
_d21540